Statistics for Top Country by Category for Eight Colors on the World Map

Click here to take the quiz!

General Stats

  • This quiz has been taken 1,140 times
    (1,102 since last reset)
  • The average score is 36 of 40

Answers on the Map

Answers color-coded by a green-red scale on the quiz's map according to % correct below.
 

Answer Stats

ColorCategoryCountry% Correct
RedAreaCanada
99%
RedCoastlineCanada
99%
RedNorthernmostCanada
99%
RedPopulationUnited States
99%
RedSouthernmostAustralia
97%
YellowPopulationChina
96%
YellowAreaChina
96%
BlackNorthernmostRussia
96%
BlackCoastlineRussia
96%
BlackAreaRussia
96%
GreenAreaBrazil
95%
GreenPopulationBrazil
95%
PurpleAreaIndia
95%
PurplePopulationIndia
95%
PurpleCoastlineIndia
95%
BlueCoastlineMexico
95%
BluePopulationMexico
95%
BlueAreaMexico
95%
YellowSouthernmostArgentina
94%
BlueSouthernmostSouth Africa
91%
GreenSouthernmostChile
90%
OrangeAreaDR Congo
90%
OrangePopulationEgypt
90%
BlueNorthernmostFrance
90%
YellowNorthernmostSweden
90%
GreenNorthernmostNorway
88%
GreenCoastlineNorway
88%
OrangeCoastlineItaly
87%
PinkCoastlineTurkey
87%
PinkPopulationPakistan
86%
OrangeNorthernmostBelarus
84%
OrangeSouthernmostUruguay
84%
PinkNorthernmostIceland
82%
BlackSouthernmostBolivia
81%
PurpleNorthernmostEstonia
80%
PinkSouthernmostPNG
79%
PinkAreaTanzania
75%
BlackPopulationBangladesh
71%
PurpleSouthernmostZimbabwe
68%
YellowCoastlinePhilippines
60%

Score Distribution

Percentile by Number Answered

Percent of People with Each Score

Your Score History

You have not taken this quiz since the last reset